banner-ar

تاريخ البحر وملاحمة فى مجلدين / (Record no. 43740)

MARC details
000 -الفاتح
حقل البيانات ثابتة الطول 00491nam a2200169Ia 4500
008 - عناصر البيانات ثابتة الطول - معلومات عامة
حقل البيانات ثابتة الطول 140319s9999 xx 000 0 ara d
040 ## - مصدر الفهرسة
وكالة الفهرسة الأصلية GCL /
وكالة النسخ GCL
082 04 - رقم تصنيف ديوى العشرى
رقم التصنيف 359.4
رقم المادة ا ت
100 1# - المدخل الرئيسى - إسم شخصى
الإسم الشخصى احمد مفيد صالح باشا
245 10 - بيان العنوان
العنوان تاريخ البحر وملاحمة فى مجلدين /
بيان المسئوليه,etc احمد مفيد صالح باشا
300 ## - الوصف المادى
التعداد 651
490 ## - بيان السلسلة
عنوان السلسلة 100 قصة
رقم المجلد/ التعيين التسلسلي 0
650 04 - المدخل الاضافى بالموضوع-مصطلح موضوعى
مصطلح موضوعي تاريخ
650 04 - المدخل الاضافى بالموضوع-مصطلح موضوعى
مصطلح موضوعي الملاحة البحرية
942 ## - عناصر المدخل الإضافي( كوها)
مصدر التصنيف او مخطط الترفيف Dewey Decimal Classification
Koha [default] item type كتاب
Holdings
حالة التراجع حالة الفقد حالة تلف ليس للاعارة المكان المؤقت الموقع الحالى تاريخ الاكتساب اجمالي اﻻعارات رقم الطلب الباركود تاريخ اخر مشاهدة تاريخ تفعيل السعر نوع وعاء كوها
        مكتبة القاهرة الكبرى مكتبة القاهرة الكبرى 03/26/2014   359.4\ا ت 106013 03/26/2014 03/26/2014 كتاب
        مكتبة القاهرة الكبرى مكتبة القاهرة الكبرى 03/26/2014   359.4\ا ت 106014 03/26/2014 03/26/2014 كتاب

Powered By

EGPV